00425nam a2200157 450000500170000000800410001702000180005804100120007608200150008810000180010324500760012126000220019730000080021936500180022765000220024520251009115428.0251007b |||||||| |||| 00| 0 eng d a9788172345662 aEnglish a158.1bMUR aMurphy Joseph aThe Power of Your Subconscious Mindb:Unlock Your Master Key to Success bFingerprintc2025 a256 b285.72cRs.00 aApplied Psycology